000 00753nam a2200253Ia 4500
003 OSt
005 20221005025912.0
006 a|||||r|||| 00| 0
007 ta
008 221004b |||||||| |||| 00| 0 eng d
020 _a9781108454490 (pbk)
_cINR 450.00
024 _a44020
037 _b9031, 12/03/2019, The Book Seller
_cTextual
040 _aCRL
_cCRL
_beng
041 _2eng
_aeng
082 _aW,8, Q8
100 _aNarain Vishal
245 0 _aPublic poolicy
_b a view from the south
260 _aCambridge
_bCambrdige University Press
_c2018
300 _ax,213p.
_ccm.
650 _aPUBLIC ADMINISTRATION
942 _hW,8, Q8
_cTEXL
_2cc
999 _c935412
_d935412